Finalistas da Champions League - Statistics

Estatísticas Gerais
  • Esse quiz foi jogado 1 228 vezes
  • A pontuação média é 110 de 132
Estatísticas das Respostas
Hint Hint Resposta % Correto
1955/56 Campeão Real Madrid
100%
1956/57 Campeão Real Madrid
100%
1957/58 Campeão Real Madrid
100%
1958/59 Campeão Real Madrid
100%
1959/60 Campeão Real Madrid
100%
───── ᅠ ᅠVice Real Madrid
100%
───── ᅠ ᅠVice Real Madrid
100%
1965/66 Campeão Real Madrid
100%
───── ᅠ ᅠVice Real Madrid
100%
1997/98 Campeão Real Madrid
100%
1999-00 Campeão Real Madrid
100%
2001/02 Campeão Real Madrid
100%
2013/14 Campeão Real Madrid
100%
2015/16 Campeão Real Madrid
100%
2016/17 Campeão Real Madrid
100%
2017/18 Campeão Real Madrid
100%
───── ᅠ ᅠVice Barcelona
99%
───── ᅠ ᅠVice Barcelona
99%
1991/92 Campeão Barcelona
99%
───── ᅠ ᅠVice Barcelona
99%
2005/06 Campeão Barcelona
99%
2008/09 Campeão Barcelona
99%
2010/11 Campeão Barcelona
99%
2014/15 Campeão Barcelona
99%
───── ᅠ ᅠVice MIlan
97%
1962/63 Campeão Milan
97%
1968/69 Campeão MIlan
97%
1988/89 Campeão Milan
97%
1989/90 Campeão Milan
97%
───── ᅠ ᅠVice Milan
97%
1993/94 Campeão Milan
97%
───── ᅠ ᅠVice MIlan
97%
2002/03 Campeão Milan
97%
───── ᅠ ᅠVice Milan
97%
2006/07 Campeão MIlan
97%
1973/74 Campeão Bayern de Munique
96%
1974/75 Campeão Bayern de Munique
96%
1975/76 Campeão Bayern de Munique
96%
───── ᅠ ᅠVice Bayern de Munique
96%
───── ᅠ ᅠVice Bayern de Munique
96%
───── ᅠ ᅠVice Bayern de Munique
96%
2000-01 Campeão Bayern de Munique
96%
───── ᅠ ᅠVice Bayern de Munique
96%
───── ᅠ ᅠVice Bayern de Munique
96%
2012/13 Campeão Bayern de Munique
96%
2019/20 Campeão Bayern de Munique
96%
───── ᅠ ᅠVice Chelsea
96%
2011/12 Campeão Chelsea
96%
2020/21 Campeão Chelsea
96%
───── ᅠ ᅠViceᅠ ᅠ Juventus
96%
───── ᅠ ᅠVice Juventus
96%
1984/85 Campeão Juventus
96%
1995/96 Campeão Juventus
96%
───── ᅠ ᅠVice Juventus
96%
───── ᅠ ᅠVice Juventus
96%
───── ᅠ ᅠVice Juventus
96%
───── ᅠ ᅠVice Juventus
96%
───── ᅠ ᅠVice Juventus
96%
1976/77 Campeão Liverpool
96%
1977/78 Campeão Liverpool
96%
1980/81 Campeão Liverpool
96%
1983/84 Campeão Liverpool
96%
───── ᅠ ᅠVice Liverpool
96%
2004/05 Campeão Liverpool
96%
───── ᅠ ᅠVice Liverpool
96%
───── ᅠ ᅠVice Liverpool
96%
2018/19 Campeão Liverpool
96%
1967/68 Campeão Manchester United
96%
1998/99 Campeão Manchester United
96%
2007/08 Campeão Manchester United
96%
───── ᅠ ᅠVice Manchester United
96%
───── ᅠ ᅠVice Manchester United
96%
───── ᅠ ᅠVice Manchester City
95%
1963/64 Campeão Internazionale
94%
1964/65 Campeão Internazionale
94%
───── ᅠ ᅠVice Internazionale
94%
───── ᅠ ᅠVice Internazionale
94%
2009/10 Campeão Internazionale
94%
───── ᅠ ᅠVice PSG
92%
───── ᅠ ᅠVice Atlético de Madrid
91%
───── ᅠ ᅠVice Atlético de Madrid
91%
───── ᅠ ᅠVice Atlético de Madrid
91%
1986/87 Campeão Porto
91%
2003/04 Campeão Porto
91%
1960/61 Campeão Benfica
88%
1961/62 Campeão Benfica
88%
───── ᅠ ᅠVice Benfica
88%
───── ᅠ ᅠVice Benfica
88%
───── ᅠ ᅠVice Benfica
88%
───── ᅠ ᅠVice Benfica
88%
───── ᅠ ᅠVice Benfica
88%
1996/97 Campeão Borussia Dortmund
88%
───── ᅠ ᅠVice Borussia Dortmund
88%
───── ᅠ ᅠViceᅠ Ajax
85%
1970/71 Campeão Ajax
85%
1971/72 Campeão Ajax
85%
1972/73 Campeão Ajax
85%
1994/95 Campeão Ajax
85%
───── ᅠ ᅠVice Ajax
85%
───── ᅠ ᅠVice Tottenham
83%
───── ᅠ ᅠVice Arsenal
81%
1987/88 Campeão PSV Eindhoven
75%
1990/91 Campeão Estrela Vermelha
72%
1978/79 Campeão Nottingham Forest
72%
1979/80 Campeão Nottingham Forest
72%
1981/82 Campeão Aston Villa
71%
───── ᅠ ᅠVice Valencia
67%
───── ᅠ ᅠVice Valencia
67%
1966/67 Campeão Celtic
61%
───── ᅠ ᅠVice Celtic
61%
───── ᅠ ᅠVice Monaco
60%
───── ᅠ ᅠVice Olympique de Marseille
58%
1992/93 Campeão Olympique de Marseille
58%
───── ᅠ ᅠVice Roma
58%
───── ᅠ ᅠVice Bayer Leverkusen
57%
───── ᅠ ᅠVice Hamburgo
57%
1982/83 Campeão Hamburgo
57%
1969/70 Campeão Feyenoord
55%
1985/86 Campeão Steaua Bucaresti
43%
───── ᅠ ᅠVice Steaua Bucaresti
43%
───── ᅠ ᅠVice Fiorentina
38%
───── ᅠ ᅠVice Sampdoria
32%
───── ᅠ ᅠVice Stade Reims
31%
───── ᅠ ᅠVice Stade Reims
31%
───── ᅠ ᅠVice Malmo
28%
───── ᅠ ᅠVice Borussia Mönchengladbach
27%
───── ᅠ ᅠVice Eintracht Frankfurt
26%
───── ᅠ ᅠVice Leeds United
24%
───── ᅠ ᅠVice Saint-Étienne
19%
───── ᅠ ᅠVice Partizan
18%
───── ᅠ ᅠVice Panathinaikos
17%
───── ᅠ ᅠVice Club Brugge
12%
Nenhum quiz correspondente encontrado
Distribuição das Pontuações
Porcentagem de Pessoas com Cada Pontuação
Percentil de Números Respondidos
Sua Pontuação Histórica
Você não jogou esse quiz